[Event "2. BUNDESLIGA MITTE 2017/2018"]
[Site "St. Valentin, Pinggau/Villach/Taufkirchen, Fuerstenfeld, St. Veit"]
[Date "2017.11.24"]
[Round "4"]
[Board "6"]
[White "Ennsberger, Ulrich"]
[Black "Meyer, Gordon"]
[Result "1-0"]
[WhiteElo "2267"]
[BlackElo "2182"]
[PlyCount "85"]
[EventDate "2017.10.27"]
[EventType "team"]
[EventRounds "11"]
[EventCountry "AUT"]
[WhiteTeam "UNION Ansfelden"]
[BlackTeam "SV Steyregg"]

1. e4 c5 2. Nf3 d6 3. Bb5+ Bd7 4. Bxd7+ Qxd7 5. c4 Nc6 6. O-O Nf6 7. Nc3 e6 8.
d4 cxd4 9. Nxd4 Rc8 10. b3 Be7 11. Bb2 O-O 12. Nc2 Rfd8 13. Ne3 a6 14. Qe2 b6
15. Rfd1 Qb7 16. Rac1 b5 17. cxb5 axb5 18. Qxb5 Qxb5 19. Nxb5 Nxe4 20. Nc4 Rb8
21. a4 Bg5 22. Rb1 d5 23. Ne5 Rbc8 24. Nd3 Na5 25. Bd4 Nc6 26. Bb6 Rd7 27. a5
Nb8 28. f4 Bf6 29. Rbc1 Nc3 30. Kf1 d4 31. Ne5 Bxe5 32. fxe5 Rc6 33. Rxd4 Nd5
34. Rdc4 Ne7 35. Rxc6 Nbxc6 36. a6 g5 37. Nd6 Na7 38. b4 Ng6 39. Bxa7 Rxa7 40.
b5 Nxe5 41. Nc8 Ra8 42. a7 Nd7 43. Rc7  1-0

[Event "2. BUNDESLIGA MITTE 2017/2018"]
[Site "St. Valentin, Pinggau/Villach/Taufkirchen, Fuerstenfeld, St. Veit"]
[Date "2017.11.24"]
[Round "4"]
[Board "1"]
[White "Sandhoefner, Florian"]
[Black "Schmidt, Peter"]
[Result "1/2-1/2"]
[WhiteElo "2313"]
[BlackElo "2392"]
[PlyCount "23"]
[EventDate "2017.10.27"]
[EventType "team"]
[EventRounds "11"]
[EventCountry "AUT"]
[WhiteTeam "ASK St. Valentin"]
[BlackTeam "SPG Sauwald"]

1. d4 Nf6 2. c4 g6 3. Nc3 Bg7 4. e4 d6 5. Nf3 O-O 6. Be2 e5 7. O-O Na6 8. Qc2
Nb4 9. Qd1 Na6 10. Qc2 Nb4 11. Qd1 Na6 12. Qc2  1/2-1/2

[Event "2. BUNDESLIGA MITTE 2017/2018"]
[Site "St. Valentin, Pinggau/Villach/Taufkirchen, Fuerstenfeld, St. Veit"]
[Date "2017.11.24"]
[Round "4"]
[Board "2"]
[White "Testor, Sebastian"]
[Black "Heimberger, Reinhard"]
[Result "1/2-1/2"]
[WhiteElo "2293"]
[BlackElo "2261"]
[PlyCount "70"]
[EventDate "2017.10.27"]
[EventType "team"]
[EventRounds "11"]
[EventCountry "AUT"]
[WhiteTeam "SPG Sauwald"]
[BlackTeam "ASK St. Valentin"]

1. d4 d5 2. c4 e6 3. Nf3 Nf6 4. Nc3 a6 5. cxd5 exd5 6. Bg5 Be7 7. e3 O-O 8. Bd3
b5 9. Rc1 Bb7 10. O-O Nbd7 11. Nd2 c5 12. dxc5 Nxc5 13. Nb3 Nce4 14. Bxe4 dxe4
15. Qxd8 Rfxd8 16. Na5 Ra7 17. Nxb7 Rxb7 18. b3 Ba3 19. Rcd1 Re8 20. Bxf6 gxf6
21. Rd4 f5 22. Ne2 Re5 23. Rfd1 Rc7 24. Rd8+ Kg7 25. Nd4 Bc5 26. g3 Bxd4 27.
R1xd4 Rc2 28. Rd2 Rec5 29. R8d6 Rc6 30. Rxc2 Rxd6 31. Kf1 Rd1+ 32. Ke2 Rh1 33.
b4 Rb1 34. a3 Rb3 35. Ra2 Rd3  1/2-1/2

[Event "2. BUNDESLIGA MITTE 2017/2018"]
[Site "St. Valentin, Pinggau/Villach/Taufkirchen, Fuerstenfeld, St. Veit"]
[Date "2017.11.24"]
[Round "4"]
[Board "3"]
[White "Casagrande, Harald"]
[Black "Taggatz, Mario"]
[Result "1-0"]
[WhiteElo "2318"]
[BlackElo "2183"]
[PlyCount "109"]
[EventDate "2017.10.27"]
[EventType "team"]
[EventRounds "11"]
[EventCountry "AUT"]
[WhiteTeam "ASK St. Valentin"]
[BlackTeam "SPG Sauwald"]

1. d4 d5 2. Nf3 Nf6 3. c3 c5 4. Bf4 e6 5. e3 Nc6 6. Nbd2 Bd6 7. Bg5 O-O 8. Bd3
e5 9. dxe5 Nxe5 10. Nxe5 Bxe5 11. Nf3 Bc7 12. Bc2 d4 13. cxd4 Ba5+ 14. Kf1 cxd4
15. Qxd4 Be6 16. Bxf6 Qxf6 17. Qxf6 Bc4+ 18. Kg1 gxf6 19. h4 Rac8 20. Bf5 Be6
21. Nd4 Bxf5 22. Nxf5 Rc2 23. Rb1 Rd8 24. Nd4 Rc4 25. Kh2 Bb6 26. Nf3 Rc2 27.
Rhf1 Bc7+ 28. Kg1 Be5 29. Rfc1 Rdc8 30. Rxc2 Rxc2 31. Nxe5 fxe5 32. a3 Kf8 33.
b4 Ke7 34. Rb3 e4 35. g4 b5 36. a4 a6 37. axb5 axb5 38. Kg2 Ke6 39. Kg3 Ke5 40.
Rb1 Rc4 41. Rb2 h6 42. Rb1 f6 43. Rb2 Rc3 44. Ra2 Rb3 45. Ra8 Rxb4 46. Re8+ Kd5
47. Rh8 Rc4 48. Rxh6 Rc6 49. Rh8 b4 50. Rb8 Kc4 51. h5 b3 52. Kf4 Re6 53. h6
Re7 54. Kf5 Rh7 55. Kg6  1-0

[Event "2. BUNDESLIGA MITTE 2017/2018"]
[Site "St. Valentin, Pinggau/Villach/Taufkirchen, Fuerstenfeld, St. Veit"]
[Date "2017.11.24"]
[Round "4"]
[Board "4"]
[White "Hellmayr, Alois"]
[Black "Theuretzbacher, Klaus"]
[Result "1-0"]
[WhiteElo "2256"]
[BlackElo "2208"]
[PlyCount "147"]
[EventDate "2017.10.27"]
[EventType "team"]
[EventRounds "11"]
[EventCountry "AUT"]
[WhiteTeam "SPG Sauwald"]
[BlackTeam "ASK St. Valentin"]

1. Nf3 Nf6 2. g3 b5 3. Bg2 Bb7 4. d4 e6 5. O-O Be7 6. c3 a6 7. Bg5 O-O 8. Nbd2
d6 9. Re1 Nbd7 10. e4 h6 11. Bxf6 Nxf6 12. a4 c5 13. Qe2 Qb6 14. e5 dxe5 15.
dxe5 Nd5 16. Ne4 Rfd8 17. h4 Bc6 18. axb5 axb5 19. Kh2 Qb8 20. Ned2 Ra4 21. Kg1
Qc7 22. Rxa4 bxa4 23. Nc4 Rb8 24. Qc2 Bb5 25. Nfd2 Qc8 26. Bf1 Bc6 27. Ne4 Qd8
28. Bg2 Qc7 29. Bf1 Nb6 30. Ned2 Bd5 31. Nxb6 Rxb6 32. Nc4 Rb3 33. Nd2 Rb8 34.
Nc4 Ba8 35. Bg2 Bd5 36. Bf1 Rb3 37. Nd2 Rb8 38. Nc4 Qc6 39. Ra1 Ra8 40. Ne3 Bb3
41. Bg2 Qc7 42. Qe4 Rb8 43. Bf1 Qb7 44. Qxb7 Rxb7 45. Bc4 f6 46. Bxb3 axb3 47.
Nc4 fxe5 48. Nxe5 Bf6 49. Nc4 Kh7 50. Kf1 Kg6 51. Ke2 Rb8 52. Nd2 Rd8 53. Ra3
Kf5 54. Rxb3 g5 55. hxg5 hxg5 56. Rb5 Rd5 57. Nc4 Kg6 58. Ne3 Re5 59. Kd3 Be7
60. Rb6 Kf7 61. Rb7 Ke8 62. f4 gxf4 63. gxf4 Rh5 64. Ke4 Rh1 65. f5 Re1 66. Kd3
Bg5 67. Nc4 e5 68. Nd6+ Kf8 69. Kc4 e4 70. f6 Bxf6 71. Rf7+ Kg8 72. Rxf6 e3 73.
Re6 e2 74. Kxc5  1-0

[Event "2. BUNDESLIGA MITTE 2017/2018"]
[Site "St. Valentin, Pinggau/Villach/Taufkirchen, Fuerstenfeld, St. Veit"]
[Date "2017.11.24"]
[Round "4"]
[Board "5"]
[White "Tober, Gerhard"]
[Black "Hiermann, Dietmar"]
[Result "1/2-1/2"]
[WhiteElo "2214"]
[BlackElo "2257"]
[PlyCount "155"]
[EventDate "2017.10.27"]
[EventType "team"]
[EventRounds "11"]
[EventCountry "AUT"]
[WhiteTeam "ASK St. Valentin"]
[BlackTeam "SPG Sauwald"]

1. e4 e5 2. Nf3 Nc6 3. d4 exd4 4. Bc4 Nf6 5. e5 d5 6. Bb5 Ne4 7. Nxd4 Bd7 8.
Bxc6 bxc6 9. O-O c5 10. Ne2 Bc6 11. c3 Be7 12. f3 Ng5 13. Be3 Ne6 14. Na3 Rb8
15. Rb1 f5 16. Nc2 a5 17. f4 O-O 18. Qe1 Qd7 19. Qf2 Bb7 20. b3 Qc6 21. Rfd1 h6
22. Rbc1 Qa6 23. Ne1 c4 24. Nd4 Nd8 25. bxc4 Qxc4 26. Nb3 a4 27. Na5 Qa6 28.
Nxb7 Qxb7 29. Qc2 Qa8 30. c4 Ba3 31. Rb1 Rxb1 32. Rxb1 Ne6 33. Qd3 d4 34. Qxa3
dxe3 35. Qxe3 Qc6 36. Rc1 Rd8 37. Nf3 g5 38. fxg5 hxg5 39. Nxg5 f4 40. Qe4 Qb6+
41. c5 Nxg5 42. cxb6 Nxe4 43. bxc7 Rc8 44. Rc4 Ng5 45. Rxf4 Rxc7 46. Rg4 Rg7
47. h4 Nf7 48. Re4 Kf8 49. e6 Nd8 50. Rxa4 Re7 51. Ra8 Ke8 52. a4 Rxe6 53. a5
Ke7 54. a6 Nf7 55. h5 Re5 56. h6 Nxh6 57. a7 Ra5 58. Rh8 Rxa7 59. Rxh6 Ra3 60.
Kh2 Kf7 61. Rb6 Kg7 62. g3 Ra2+ 63. Kh3 Ra4 64. g4 Ra3+ 65. Kh4 Ra5 66. Rb7+
Kg6 67. Rb8 Kg7 68. Rb4 Rc5 69. Rf4 Ra5 70. Rf5 Rxf5 71. gxf5 Kf6 72. Kg4 Kf7
73. Kg5 Kg7 74. f6+ Kf7 75. Kf5 Kf8 76. Ke6 Ke8 77. f7+ Kf8 78. Kf6  1/2-1/2

[Event "2. BUNDESLIGA MITTE 2017/2018"]
[Site "St. Valentin, Pinggau/Villach/Taufkirchen, Fuerstenfeld, St. Veit"]
[Date "2017.11.24"]
[Round "4"]
[Board "6"]
[White "Wisnet, Dominic"]
[Black "Kranzl, Peter"]
[Result "1-0"]
[WhiteElo "2272"]
[BlackElo "2168"]
[PlyCount "57"]
[EventDate "2017.10.27"]
[EventType "team"]
[EventRounds "11"]
[EventCountry "AUT"]
[WhiteTeam "SPG Sauwald"]
[BlackTeam "ASK St. Valentin"]

1. Nf3 Nf6 2. c4 g6 3. g3 Bg7 4. Bg2 O-O 5. Nc3 d6 6. O-O c6 7. d3 Qa5 8. Rb1
Qh5 9. b4 h6 10. Bb2 Bh3 11. Ne4 Nxe4 12. dxe4 Bxb2 13. Rxb2 Nd7 14. Qd2 Nf6
15. Qf4 Ng4 16. Rd1 f5 17. exf5 Rxf5 18. Qe4 Raf8 19. Qe6+ Kh8 20. Bxh3 Qxh3
21. Qxe7 Ne5 22. Rxd6 Nxc4 23. Rxg6 R5f7 24. Qe4 Nxb2 25. Rg4 Rf6 26. Ne5 Qh5
27. Ng6+ Rxg6 28. Rxg6 Nc4 29. g4  1-0

[Event "2. BUNDESLIGA MITTE 2017/2018"]
[Site "St. Valentin, Pinggau/Villach/Taufkirchen, Fuerstenfeld, St. Veit"]
[Date "2017.11.24"]
[Round "4"]
[Board "1"]
[White "Heinemann, Thies"]
[Black "Schnider, Gert"]
[Result "1/2-1/2"]
[WhiteElo "2508"]
[BlackElo "2412"]
[PlyCount "130"]
[EventDate "2017.10.27"]
[EventType "team"]
[EventRounds "11"]
[EventCountry "AUT"]
[WhiteTeam "RbEj Gleisdorf"]
[BlackTeam "Schachfreunde Graz"]

1. e4 e5 2. Nf3 Nc6 3. Bb5 a6 4. Bxc6 dxc6 5. O-O Bg4 6. h3 h5 7. d3 Qf6 8. Be3
Bxf3 9. Qxf3 Qxf3 10. gxf3 Ne7 11. f4 exf4 12. Bxf4 O-O-O 13. Nc3 g5 14. Bd2
Rg8 15. Kh1 g4 16. hxg4 hxg4 17. Kg2 f5 18. Rh1 fxe4 19. Nxe4 Bg7 20. Bg5 Rde8
21. Bxe7 Rxe7 22. Rab1 b6 23. b3 Be5 24. Rh5 Rg6 25. Rbh1 Kb7 26. Rf5 a5 27.
Rhh5 Bd6 28. a4 Reg7 29. Rhg5 Rxg5 30. Nxg5 Kc8 31. Ne4 Kd7 32. Rf6 Be5 33. Rh6
Bf4 34. Rh8 Ke7 35. Ng3 Rg6 36. Rh7+ Ke6 37. Ne4 Rg8 38. Ng3 Rg6 39. Ne2 Be5
40. Rh5 Kf6 41. Ng3 Ke6 42. Nf5 Bf4 43. Nd4+ Kd6 44. Ne2 Be5 45. d4 Bf6 46. Nf4
Rg8 47. Rh6 Ke7 48. c3 Bg5 49. Rh7+ Kd6 50. Nd3 Kd5 51. Rd7+ Ke4 52. Ne5 c5 53.
Nxg4 Kd3 54. dxc5+ Kxc3 55. Rxc7 bxc5 56. Rb7 Bd2 57. Kf3 Kb2 58. Ne3 Bb4 59.
Nc4+ Kxb3 60. Nxa5+ Kxa4 61. Nc4 Kb3 62. Ne3 Rf8+ 63. Ke2 Kc3 64. Nd5+ Kc4 65.
Ne3+ Kc3  1/2-1/2

[Event "2. BUNDESLIGA MITTE 2017/2018"]
[Site "St. Valentin, Pinggau/Villach/Taufkirchen, Fuerstenfeld, St. Veit"]
[Date "2017.11.24"]
[Round "4"]
[Board "2"]
[White "Kravanja, Georg"]
[Black "Polzin, Rainer"]
[Result "0-1"]
[WhiteElo "2267"]
[BlackElo "2401"]
[PlyCount "54"]
[EventDate "2017.10.27"]
[EventType "team"]
[EventRounds "11"]
[EventCountry "AUT"]
[WhiteTeam "Schachfreunde Graz"]
[BlackTeam "RbEj Gleisdorf"]

1. d4 Nf6 2. c4 g6 3. Nc3 Bg7 4. e4 d6 5. Be2 O-O 6. Bg5 c5 7. Nf3 cxd4 8. Nxd4
Nc6 9. Nxc6 bxc6 10. O-O Be6 11. Rc1 Qa5 12. Bd2 Rfc8 13. a3 Qd8 14. Be3 a5 15.
f4 Rab8 16. f5 Bd7 17. Qd2 Rb3 18. fxg6 hxg6 19. Bd1 Rb7 20. h3 Be6 21. Be2 Nd7
22. Na4 Rcb8 23. Rc2 c5 24. Bg4 Bxg4 25. hxg4 Ne5 26. g5 Qe8 27. Nc3 Nxc4  0-1

[Event "2. BUNDESLIGA MITTE 2017/2018"]
[Site "St. Valentin, Pinggau/Villach/Taufkirchen, Fuerstenfeld, St. Veit"]
[Date "2017.11.24"]
[Round "4"]
[Board "3"]
[White "Frosch, Erich"]
[Black "Teuschler, Barbara"]
[Result "0-1"]
[WhiteElo "2202"]
[BlackElo "2202"]
[PlyCount "82"]
[EventDate "2017.10.27"]
[EventType "team"]
[EventRounds "11"]
[EventCountry "AUT"]
[WhiteTeam "RbEj Gleisdorf"]
[BlackTeam "Schachfreunde Graz"]

1. Nf3 Nf6 2. b3 b6 3. Bb2 Bb7 4. g3 g6 5. Bg2 Bg7 6. O-O O-O 7. a4 c5 8. Na3
d6 9. a5 Qd7 10. axb6 axb6 11. Nc4 Rxa1 12. Qxa1 b5 13. Na5 Ba8 14. d3 Na6 15.
c3 Rb8 16. Rc1 h5 17. Qa2 Ng4 18. Ra1 b4 19. c4 Nc7 20. Bxg7 Kxg7 21. Qb2+ Kg8
22. d4 cxd4 23. Nxd4 Bxg2 24. Kxg2 e5 25. Nc2 Ne6 26. f3 Nf6 27. Ra4 Qc7 28.
Qc1 Nc5 29. Ra2 Kg7 30. Qg5 Nh7 31. Qd2 Ra8 32. Qxb4 Nb7 33. Nxb7 Rxa2 34. Nxd6
Nf6 35. Nb5 Qd7 36. Qc3 Qd1 37. Nba3 Qxe2+ 38. Kg1 h4 39. gxh4 Nh5 40. f4 Nxf4
41. Qg3 Qxc2  0-1

[Event "2. BUNDESLIGA MITTE 2017/2018"]
[Site "St. Valentin, Pinggau/Villach/Taufkirchen, Fuerstenfeld, St. Veit"]
[Date "2017.11.24"]
[Round "4"]
[Board "4"]
[White "Domarkaite, Laima"]
[Black "Wegerer, Fred"]
[Result "1/2-1/2"]
[WhiteElo "2129"]
[BlackElo "2135"]
[PlyCount "58"]
[EventDate "2017.10.27"]
[EventType "team"]
[EventRounds "11"]
[EventCountry "AUT"]
[WhiteTeam "Schachfreunde Graz"]
[BlackTeam "RbEj Gleisdorf"]

1. e4 c5 2. c3 d5 3. exd5 Qxd5 4. d4 g6 5. Nf3 Bg7 6. Na3 Nf6 7. Bc4 Qd8 8. O-O
O-O 9. dxc5 Nbd7 10. Re1 Nxc5 11. Qxd8 Rxd8 12. Be3 Ne6 13. Nb5 a6 14. Nbd4
Nxd4 15. Bxd4 b5 16. Bb3 e6 17. Ne5 Bb7 18. Bb6 Re8 19. Rad1 Bd5 20. Ba5 Rac8
21. Kf1 h5 22. h4 Bxb3 23. axb3 Nd5 24. g3 Bf6 25. c4 bxc4 26. bxc4 Bxe5 27.
Rxe5 Ne7 28. Re4 Nc6 29. Bb6 Nb4 {Die restlichen ZÃ¼ge sind nicht zu
rekonstruieren! Die restlichen ZÃ¼ge sind nicht zu rekonstruieren!}  1/2-1/2

[Event "2. BUNDESLIGA MITTE 2017/2018"]
[Site "St. Valentin, Pinggau/Villach/Taufkirchen, Fuerstenfeld, St. Veit"]
[Date "2017.11.24"]
[Round "4"]
[Board "5"]
[White "Wanderer, Thomas"]
[Black "Kastner, Walter"]
[Result "1/2-1/2"]
[WhiteElo "2213"]
[BlackElo "2191"]
[PlyCount "83"]
[EventDate "2017.10.27"]
[EventType "team"]
[EventRounds "11"]
[EventCountry "AUT"]
[WhiteTeam "RbEj Gleisdorf"]
[BlackTeam "Schachfreunde Graz"]

1. e4 e6 2. d3 d5 3. Nd2 Nf6 4. Ngf3 Nc6 5. e5 Nd7 6. d4 f6 7. exf6 Qxf6 8. c3
Bd6 9. Be2 O-O 10. Nf1 h6 11. Be3 Qf7 12. Qd2 Nf6 13. h3 e5 14. dxe5 Nxe5 15.
N1h2 Ne4 16. Qc2 Bf5 17. Qb3 c6 18. Nxe5 Bxe5 19. Nf3 Bd6 20. c4 Be6 21. Rc1
dxc4 22. Bxc4 Bxc4 23. Qxc4 Qxc4 24. Rxc4 Rae8 25. O-O Bb8 26. Rd1 Nf6 27. Kf1
Nd5 28. Bc5 Rf7 29. Rcd4 a6 30. a4 Rf5 31. Ba3 Ba7 32. R4d2 Rf4 33. b3 Kh7 34.
Bb2 Ree4 35. Rd3 Rf7 36. Bd4 Bb8 37. Re1 Rff4 38. Rxe4 Rxe4 39. Nd2 Rf4 40. Bb2
Ba7 41. Rf3 Rxf3 42. Nxf3  1/2-1/2

[Event "2. BUNDESLIGA MITTE 2017/2018"]
[Site "St. Valentin, Pinggau/Villach/Taufkirchen, Fuerstenfeld, St. Veit"]
[Date "2017.11.24"]
[Round "4"]
[Board "6"]
[White "Birk, Steffen"]
[Black "Ofner, Maximilian"]
[Result "0-1"]
[WhiteElo "2212"]
[BlackElo "2186"]
[PlyCount "64"]
[EventDate "2017.10.27"]
[EventType "team"]
[EventRounds "11"]
[EventCountry "AUT"]
[WhiteTeam "Schachfreunde Graz"]
[BlackTeam "RbEj Gleisdorf"]

1. e4 c6 2. d4 d5 3. e5 c5 4. dxc5 e6 5. Be3 Nh6 6. c3 Nd7 7. Bb5 Nf5 8. Bd4 a6
9. Ba4 Be7 10. Nf3 O-O 11. c6 Nxd4 12. Qxd4 bxc6 13. Bxc6 Rb8 14. b4 Qc7 15.
Bxd7 Bxd7 16. O-O Rfc8 17. a4 f6 18. Re1 Be8 19. a5 Bg6 20. Ra3 Bxb1 21. Rxb1
Bxb4 22. Rxb4 Rxb4 23. Qxb4 Rb8 24. Qxb8+ Qxb8 25. g3 fxe5 26. Kg2 Qb2 27. Ra4
Qxc3 28. h4 h6 29. h5 e4 30. Nh4 e3 31. Rf4 e2 32. Ng6 Qa3  0-1

[Event "2. BUNDESLIGA MITTE 2017/2018"]
[Site "St. Valentin, Pinggau/Villach/Taufkirchen, Fuerstenfeld, St. Veit"]
[Date "2017.11.24"]
[Round "4"]
[Board "1"]
[White "Plat, Vojtech"]
[Black "Perunovic, Milos"]
[Result "1/2-1/2"]
[WhiteElo "2566"]
[BlackElo "2596"]
[PlyCount "34"]
[EventDate "2017.10.27"]
[EventType "team"]
[EventRounds "11"]
[EventCountry "AUT"]
[WhiteTeam "Leoben"]
[BlackTeam "SPG Sparkasse Pinggau-Friedberg"]

1. d4 Nf6 2. c4 e6 3. g3 c5 4. Nf3 cxd4 5. Nxd4 d5 6. Bg2 e5 7. Nf3 d4 8. O-O
Nc6 9. e3 Be7 10. exd4 exd4 11. Bf4 O-O 12. Ne5 Qb6 13. Nxc6 bxc6 14. Qb3 Qa6
15. Qd3 Qb6 16. Qb3 Qa6 17. Qd3 Qb6  1/2-1/2

[Event "2. BUNDESLIGA MITTE 2017/2018"]
[Site "St. Valentin, Pinggau/Villach/Taufkirchen, Fuerstenfeld, St. Veit"]
[Date "2017.11.24"]
[Round "4"]
[Board "2"]
[White "Ftacnik, Lubomir"]
[Black "Baumegger, Siegfried"]
[Result "1-0"]
[WhiteElo "2520"]
[BlackElo "2443"]
[PlyCount "73"]
[EventDate "2017.10.27"]
[EventType "team"]
[EventRounds "11"]
[EventCountry "AUT"]
[WhiteTeam "SPG Sparkasse Pinggau-Friedberg"]
[BlackTeam "Leoben"]

1. c4 c5 2. Nf3 g6 3. Nc3 Bg7 4. g3 Nc6 5. Bg2 d6 6. O-O Nf6 7. a3 O-O 8. Rb1
b6 9. b4 Bb7 10. d3 Nd4 11. Ne1 Bxg2 12. Kxg2 Rc8 13. e3 Ne6 14. Qb3 Qd7 15.
Nf3 Qb7 16. h4 Rfd8 17. Nd5 cxb4 18. axb4 Nxd5 19. cxd5 Rc3 20. Qa2 Nc7 21. e4
Nb5 22. Bb2 Rdc8 23. Bxc3 Nxc3 24. Qd2 Nxb1 25. Rxb1 Qa6 26. d4 Qa3 27. Rb2 h6
28. Ra2 Qb3 29. Rxa7 Rc2 30. Ra8+ Kh7 31. Qf4 Bf6 32. Ng5+ Kg7 33. Nxf7 Kxf7
34. Qxh6 Rxf2+ 35. Kh3 Bg7 36. Qh7 g5 37. Qh5+  1-0

[Event "2. BUNDESLIGA MITTE 2017/2018"]
[Site "St. Valentin, Pinggau/Villach/Taufkirchen, Fuerstenfeld, St. Veit"]
[Date "2017.11.24"]
[Round "4"]
[Board "3"]
[White "Horvath, Peter"]
[Black "Milanovic, Danilo"]
[Result "0-1"]
[WhiteElo "2421"]
[BlackElo "2488"]
[PlyCount "72"]
[EventDate "2017.10.27"]
[EventType "team"]
[EventRounds "11"]
[EventCountry "AUT"]
[WhiteTeam "Leoben"]
[BlackTeam "SPG Sparkasse Pinggau-Friedberg"]

1. d4 Nf6 2. Nf3 c5 3. d5 b5 4. Bg5 Qb6 5. Bxf6 Qxf6 6. c3 Qb6 7. e4 g6 8. Nbd2
Bg7 9. a4 b4 10. Nc4 Qd8 11. Qc2 O-O 12. Be2 d6 13. O-O Nd7 14. Rfe1 Rb8 15. a5
Ba6 16. Nfd2 Qc7 17. f4 e6 18. Ne3 bxc3 19. bxc3 c4 20. Kh1 exd5 21. Nxd5 Qc5
22. Bf3 Rfe8 23. Rad1 Bb7 24. Ne3 Ba6 25. Nd5 Bb7 26. Ne3 Bh6 27. g3 f5 28.
Ndxc4 Bf8 29. Qa2 Kh8 30. Rd4 Nf6 31. a6 Ba8 32. Bg2 Nxe4 33. Qc2 Bg7 34. Rd3
Bc6 35. Red1 Rbd8 36. Nd2 Nf2+  0-1

[Event "2. BUNDESLIGA MITTE 2017/2018"]
[Site "St. Valentin, Pinggau/Villach/Taufkirchen, Fuerstenfeld, St. Veit"]
[Date "2017.11.24"]
[Round "4"]
[Board "4"]
[White "Mahdy, Khaled"]
[Black "Bachler, Reinhard"]
[Result "1-0"]
[WhiteElo "2394"]
[BlackElo "2179"]
[PlyCount "70"]
[EventDate "2017.10.27"]
[EventType "team"]
[EventRounds "11"]
[EventCountry "AUT"]
[WhiteTeam "SPG Sparkasse Pinggau-Friedberg"]
[BlackTeam "Leoben"]

1. e4 c5 2. Nf3 d6 3. c3 Nf6 4. Be2 Nbd7 5. d3 g6 6. O-O Bg7 7. Re1 O-O 8. Bf1
Qc7 9. d4 e5 10. dxe5 dxe5 11. c4 Nb8 12. Nc3 Nc6 13. Nd5 Nxd5 14. cxd5 Nd4 15.
Nxd4 cxd4 16. Qb3 a5 17. Bd2 Qd6 18. Qa3 Qb6 19. Bd3 f5 20. f3 Bd7 21. Rac1
fxe4 22. fxe4 Rf6 23. Qe7 Rd6 24. Rf1 Re8 25. Qf7+ Kh8 26. b3 Rf8 27. Qe7 Re8
28. Qh4 Bf6 29. Bg5 Rf8 30. Qg3 Bxg5 31. Rxf8+ Kg7 32. Qxg5 Kxf8 33. Rf1+ Ke8
34. Qxe5+ Kd8 35. Qh8+ Kc7  1-0

[Event "2. BUNDESLIGA MITTE 2017/2018"]
[Site "St. Valentin, Pinggau/Villach/Taufkirchen, Fuerstenfeld, St. Veit"]
[Date "2017.11.24"]
[Round "4"]
[Board "5"]
[White "Schein, Karl-Heinz"]
[Black "Danner, Georg"]
[Result "0-1"]
[WhiteElo "2177"]
[BlackElo "2316"]
[PlyCount "38"]
[EventDate "2017.10.27"]
[EventType "team"]
[EventRounds "11"]
[EventCountry "AUT"]
[WhiteTeam "Leoben"]
[BlackTeam "SPG Sparkasse Pinggau-Friedberg"]

1. e4 c5 2. Nf3 Nc6 3. Bb5 e6 4. O-O Nge7 5. Re1 a6 6. Bf1 g6 7. c3 Bg7 8. d4
cxd4 9. cxd4 d5 10. e5 O-O 11. Nc3 Nf5 12. b3 f6 13. Bb2 fxe5 14. dxe5 Nh4 15.
Nxh4 Qxh4 16. Qd2 Bh6 17. Qc2 Nd4 18. Qc1 Rxf2 19. Nd1 Nf3+  0-1

[Event "2. BUNDESLIGA MITTE 2017/2018"]
[Site "St. Valentin, Pinggau/Villach/Taufkirchen, Fuerstenfeld, St. Veit"]
[Date "2017.11.24"]
[Round "4"]
[Board "6"]
[White "Schieder, Andreas"]
[Black "Koelber, Daniel"]
[Result "0-1"]
[WhiteElo "2237"]
[BlackElo "2049"]
[PlyCount "77"]
[EventDate "2017.10.27"]
[EventType "team"]
[EventRounds "11"]
[EventCountry "AUT"]
[WhiteTeam "SPG Sparkasse Pinggau-Friedberg"]
[BlackTeam "Leoben"]

1. d4 Nf6 2. Bg5 d5 3. Nd2 Bf5 4. e3 e6 5. Ngf3 Be7 6. Nh4 Bg4 7. Be2 Bxe2 8.
Qxe2 h6 9. Bxf6 Bxf6 10. Nhf3 Nd7 11. e4 dxe4 12. Qxe4 O-O 13. h4 e5 14. O-O-O
exd4 15. g4 Qe8 16. Qd3 Nc5 17. Qc4 Qc6 18. g5 b5 19. Qf1 d3 20. c3 b4 21. gxf6
Qa4 22. Ne1 Qxa2 23. Nxd3 bxc3 24. Kc2 Nxd3 25. Kxc3 Qxb2+ 26. Kxd3 Rad8+ 27.
Ke3 Rxd2 28. Rxd2 Re8+ 29. Kf3 Qxd2 30. fxg7 Qd5+ 31. Kg3 Re6 32. Rh3 Rg6+ 33.
Kh2 Rxg7 34. Rd3 Qe5+ 35. f4 Qe4 36. Rd7 Qc2+ 37. Kh3 Qf5+ 38. Kh2 Qxd7 39. f5
 0-1

[Event "2. BUNDESLIGA MITTE 2017/2018"]
[Site "St. Valentin, Pinggau/Villach/Taufkirchen, Fuerstenfeld, St. Veit"]
[Date "2017.11.25"]
[Round "5"]
[Board "1"]
[White "Buhmann, Rainer"]
[Black "Freitag, Manfred"]
[Result "1-0"]
[WhiteElo "2589"]
[BlackElo "2374"]
[PlyCount "42"]
[EventDate "2017.10.27"]
[EventType "team"]
[EventRounds "11"]
[EventCountry "AUT"]
[WhiteTeam "SC MPOE Maria Saal 2"]
[BlackTeam "SPG Fuerstenfeld/Hartberg"]

1. d4 Nf6 2. c4 g6 3. Nc3 Bg7 4. e4 d6 5. Be2 O-O 6. Be3 c5 7. d5 e6 8. Nf3
exd5 9. cxd5 b5 10. e5 Ng4 11. Bg5 Qa5 12. e6 Nf6 13. O-O a6 14. a4 b4 15. Bxf6
Bxf6 16. Ne4 Be7 17. exf7+ Rxf7 18. Nfg5 Rf4 19. g3 Rf5 20. Bg4 c4 21. Bxf5
gxf5  1-0

[Event "2. BUNDESLIGA MITTE 2017/2018"]
[Site "St. Valentin, Pinggau/Villach/Taufkirchen, Fuerstenfeld, St. Veit"]
[Date "2017.11.25"]
[Round "5"]
[Board "2"]
[White "Poetz, Florian"]
[Black "Kreisl, Robert"]
[Result "1/2-1/2"]
[WhiteElo "2385"]
[BlackElo "2406"]
[PlyCount "27"]
[EventDate "2017.10.27"]
[EventType "team"]
[EventRounds "11"]
[EventCountry "AUT"]
[WhiteTeam "SPG Fuerstenfeld/Hartberg"]
[BlackTeam "SC MPOE Maria Saal 2"]

1. e4 e6 2. d4 d5 3. Nc3 Nf6 4. e5 Nfd7 5. f4 c5 6. Nf3 Nc6 7. Be3 Qb6 8. a3
cxd4 9. Nxd4 Bc5 10. Na4 Qa5+ 11. Nc3 Qb6 12. Na4 Qa5+ 13. Nc3 Qb6 14. Na4
 1/2-1/2

[Event "2. BUNDESLIGA MITTE 2017/2018"]
[Site "St. Valentin, Pinggau/Villach/Taufkirchen, Fuerstenfeld, St. Veit"]
[Date "2017.11.25"]
[Round "5"]
[Board "3"]
[White "Handler, Lukas"]
[Black "Kuba, Guenter"]
[Result "1/2-1/2"]
[WhiteElo "2392"]
[BlackElo "2336"]
[PlyCount "86"]
[EventDate "2017.10.27"]
[EventType "team"]
[EventRounds "11"]
[EventCountry "AUT"]
[WhiteTeam "SC MPOE Maria Saal 2"]
[BlackTeam "SPG Fuerstenfeld/Hartberg"]

1. c4 e5 2. g3 Nf6 3. Bg2 h6 4. Nc3 Bb4 5. d3 Bxc3+ 6. bxc3 O-O 7. e4 c6 8. Ne2
d5 9. cxd5 cxd5 10. exd5 Nxd5 11. O-O Nc6 12. Bb2 Re8 13. Re1 Nb6 14. a4 a5 15.
Ba3 Be6 16. Rb1 Qc7 17. c4 Rab8 18. Nc3 Nc8 19. Nb5 Qd7 20. Qb3 Rd8 21. Rbd1
N8e7 22. Bb2 Rbc8 23. Qc3 Qe8 24. f4 f6 25. fxe5 fxe5 26. Rxe5 Nxe5 27. Qxe5
Qg6 28. Re1 Bf5 29. c5 Nc6 30. Bxc6 Rxc6 31. Nd6 Rcxd6 32. cxd6 Rxd6 33. Qxa5
Rxd3 34. Qc7 Rd7 35. Qc3 Kh7 36. a5 Be4 37. Qe3 Bc6 38. Rc1 Rd3 39. Qf4 Rf3 40.
Qe5 Rf5 41. Qc3 Rf3 42. Qe5 Rf5 43. Qc3 Rf3  1/2-1/2